Statistics for Harry Potter quiz 2021

Click here to take the quiz!

General Stats

  • This quiz has been taken 31 times
  • The average score is 7 of 11

Answer Stats

HintAnswer% Correct
How many Brothers does Ron have?5
92%
How many Harry Potter books are there?7
92%
Who sold Harry Potter his wand?Ollivander
88%
Who is the headmaster?Dumbledore
85%
Who is Ron's twin brothersFred and George
85%
Who do Ron and Harry Meet on the train?Hermione granger
69%
Where does Ron live?The burrow
69%
Who is Harry's arch nemeses when he is outside of school?Voldemort
65%
What school does Dudley Vernon attend when Harry goes to Hogwarts?Smeltings
38%
Who calls Dumbledore an 'Absolute dingbat?'Rita Skeeter
8%
How do wizards travel without using any broomsitcks?Appariation
4%

Score Distribution

Percentile by Number Answered

Percent of People with Each Score

Your Score History

You have not taken this quiz